000 01012cam a22001935a 4500
001 L150424
008 100713e2010 xxk 000 0 eng d
035 _a(Sirsi) u150424
041 0 _aeng
110 2 _aProperty Week
_91549
245 0 0 _aPolarising property yields provide food for thought
260 _c2010
490 0 _aProperty Week
_v76(27) 9 July 2010, 38(1)
520 _aCushman and Wakefield's latest UK property investment market update indicates prime property yields remaining unchanged for the second successive month, stabilising at 5.79% in June. More sectorial polarisation should be evident as the market moves into summer. Yields are expected to rise for property with more occupational risk. Leveraged buyers may be keen to pursue deals with all-in five-year funding costs at 4.6%. Table covers June 2010 yields by property subsector.
590 _aKA
651 4 _aUnited Kingdom
_y
690 _aPROPERTY-COMMERCIAL PROPERTY-COMMERCIAL PROPERTY FINANCE AND INVESTMENT
942 _n0
999 _c82503
_d82503